Národný dôchodok

Saved in:
Bibliographic Details
Format: Book
Language:Slovak
Published: Turčiansky Svätý Martin Matica slovenská 1942
Tags: Add Tag
No Tags, Be the first to tag this record!

MARC

LEADER 00000nam a2200000 4500
001 0307650
005 20250314101424.7
041 0 |a slo 
044 |a SK 
245 1 0 |a Národný dôchodok  |c Vojtech Krajčovič 
264 1 |a Turčiansky Svätý Martin  |b Matica slovenská  |c 1942